000 00388 a2200169 4500
001 170103
020 _a85-02-03304-2
040 _cMagnum
100 _aVieira, Janaina
240 1 0 _aSó entre nós: abelardo e heloísa
_lpor
245 1 0 _aSó entre nós: abelardo e heloísa
300 _a92
362 0 _a2001
440 1 _aSaraiva
697 _aLITERATURA JUVENIL
942 _cBK
999 _c170103
_d170103